000 01073cab a2200301 4500
001 ABS52416
008 090401t1995 xxu||||| |||| 00| 0 eng d
035 _a(Sirsi) u76795
041 _aeng
100 _aReeds, J.
245 4 _aThe killing of the concrete jungle
260 _c1995
350 _a0
490 _aSurveyor
_v182(5331) 16 March 1995, 18-20(3)
520 _aSpeculates on the potential problems of reinforced concrete structures if the incidence of carbonation proves to be as widespread as many in the industry fear. Compares this form of deterioration with concrete cancer and chloride attack, and looks at remediation methods and efforts to date.
650 _aALKALI SILICA REACTION
650 _aCARBONATION
650 _aALKALI SILICA REACTION
650 _aCORROSION
650 _aMONITORING
650 _aREINFORCED CONCRETE
650 _aREPAIR METHODS
650 _aTESTS
690 _aBUILDING AND CONSTRUCTION-DEFECTS AND FAILURES
690 _aBUILT ENVIRONMENT-BUILDING MATERIALS
942 _n0
948 _c04/03/1997
999 _c48250
_d48250